Digital and analogue interfacing for microcomputers / (Record no. 61717)
[ view plain ]
| 000 -LEADER | |
|---|---|
| fixed length control field | 01378cam a2200337 a 4500 |
| 001 - CONTROL NUMBER | |
| control field | 4433511 |
| 003 - CONTROL NUMBER IDENTIFIER | |
| control field | NUST-PNEC |
| 005 - DATE AND TIME OF LATEST TRANSACTION | |
| control field | 20170116180728.0 |
| 008 - FIXED-LENGTH DATA ELEMENTS--GENERAL INFORMATION | |
| fixed length control field | 940518s1994 enka 001 0 eng |
| 010 ## - LIBRARY OF CONGRESS CONTROL NUMBER | |
| LC control number | 94025743 |
| 020 ## - INTERNATIONAL STANDARD BOOK NUMBER | |
| International Standard Book Number | 0750617527 |
| 020 ## - INTERNATIONAL STANDARD BOOK NUMBER | |
| International Standard Book Number | 0632028629 |
| 040 ## - CATALOGING SOURCE | |
| Original cataloging agency | DLC |
| Transcribing agency | PNEC |
| Modifying agency | DLC |
| 050 00 - LIBRARY OF CONGRESS CALL NUMBER | |
| Classification number | TK7887.5 |
| Item number | .M87 1994 |
| 082 00 - DEWEY DECIMAL CLASSIFICATION NUMBER | |
| Classification number | 004.616 MUS |
| Edition number | 20 |
| 100 1# - MAIN ENTRY--PERSONAL NAME | |
| Personal name | Mustafa, M. A. |
| Fuller form of name | (Mustafa Ahsen) |
| 245 10 - TITLE STATEMENT | |
| Title | Digital and analogue interfacing for microcomputers / |
| Statement of responsibility, etc. | Mustafa A. Mustafa. |
| 250 ## - EDITION STATEMENT | |
| Edition statement | 2nd ed. |
| 260 ## - PUBLICATION, DISTRIBUTION, ETC. | |
| Place of publication, distribution, etc. | Oxford ; |
| -- | Boston : |
| Name of publisher, distributor, etc. | Newnes, |
| Date of publication, distribution, etc. | 1994. |
| 300 ## - PHYSICAL DESCRIPTION | |
| Extent | xiii, 456 p. : |
| Other physical details | ill. ; |
| Dimensions | 24 cm. |
| 500 ## - GENERAL NOTE | |
| General note | Rev. ed. of: Digital and analogue interfacing for microcomputers. 1990. |
| 500 ## - GENERAL NOTE | |
| General note | Includes index. |
| 650 #0 - SUBJECT ADDED ENTRY--TOPICAL TERM | |
| Topical term or geographic name entry element | Computer interfaces. |
| General subdivision | Computer, MIS |
| 650 #0 - SUBJECT ADDED ENTRY--TOPICAL TERM | |
| Topical term or geographic name entry element | Digital-to-analog converters. |
| 650 #0 - SUBJECT ADDED ENTRY--TOPICAL TERM | |
| Topical term or geographic name entry element | Analog-to-digital converters. |
| 700 1# - ADDED ENTRY--PERSONAL NAME | |
| Personal name | Mustafa, M. A. |
| Fuller form of name | (Mustafa Ahsen). |
| Title of a work | Digital and analogue interfacing for microcomputers. |
| 856 ## - ELECTRONIC LOCATION AND ACCESS | |
| Uniform Resource Identifier | <a href="http://www.amazon.com/Digital-Analogue-Interfacing-Microcomputers-Mustafa/dp/0632028629/ref=sr_1_1?s=books&ie=UTF8&qid=1415869582&sr=1-1&keywords=0632028629">http://www.amazon.com/Digital-Analogue-Interfacing-Microcomputers-Mustafa/dp/0632028629/ref=sr_1_1?s=books&ie=UTF8&qid=1415869582&sr=1-1&keywords=0632028629</a> |
| 906 ## - LOCAL DATA ELEMENT F, LDF (RLIN) | |
| a | 7 |
| b | cbc |
| c | orignew |
| d | 1 |
| e | ocip |
| f | 19 |
| g | y-gencatlg |
| 942 ## - ADDED ENTRY ELEMENTS (KOHA) | |
| Source of classification or shelving scheme | |
| Koha item type | Book |
| Withdrawn status | Lost status | Source of classification or shelving scheme | Damaged status | Not for loan | Permanent Location | Current Location | Shelving location | Date acquired | Cost, normal purchase price | Total Checkouts | Full call number | Barcode | Date last seen | Cost, replacement price | Price effective from | Koha item type |
|---|---|---|---|---|---|---|---|---|---|---|---|---|---|---|---|---|
| Pakistan Navy Engineering College (PNEC) | Pakistan Navy Engineering College (PNEC) | 09/29/1992 | 2087.58 | 004.616 MUS | PNECLIB-016612 | 11/13/2014 | 2087.58 | 09/29/1992 | Book |
